000 01103nam a2200313 i 4500
001 67652
003 ES-MaACL
005 20251220205445.0
007 t|
008 040609s2002 sp ||||0| spa d
020 _a84-7658-622-1
040 _aM-BN
_bspa
_cM-BN
080 _a159.9 Lacan, Jacques
080 _a159.964.2
245 0 0 _aLacan: la marca del leer /
_cJ.L. Slimobich ... [et al.] (coords.) ; introducción de José L. Slimobich ; P.E. Chacón ... [et al.].
250 _a1ª ed.
260 _aRubí (Barcelona) :
_bAnthropos,
_c2002.
300 _a198 p ;
_c20 cm.
490 1 _aAutores, textos y temas. Psicología ;
_v24
504 _aBibliografía: p. 183-187. Indice.
600 1 4 _aLacan, Jacques-
_xCrítica e interpretación.
_969325
650 1 4 _aPsicoanálisis.
_916530
650 1 7 _aPsicología de la lectura
_2embne
_914069
700 0 _aSlimobich, José León
_9106785
700 1 _aChacón Fuertes, Pedro.
_937766
830 0 0 _aAutores, textos y temas.
_pPsicología
_v24
_9177279
852 _aES-MaACL
_jL-27903
_bR.133471
999 _c67652
_d67652